000 00750cam a2200253 4500
008 090401t1986 xxu||||| |||| 00| 0 eng d
020 _a085406303X
035 _a(Sirsi) u42424
041 _aeng
050 _a692.2
090 _aRICS 1986/12 ABC
100 _aAnstey, John
245 _aParty walls and what to do with them
250 _a1st ed.
260 _aLondon
_bSurveyors Publications
_c1986
300 _a118p. ; 21cm.
350 _a7.25
520 _aSUPERSEDED: Replaced by 2nd edition (RICS 1988/48). Published on behalf of the Royal Institution of Chartered Surveyors
650 _aParty walls
_96258
650 _aRICS
710 _aRoyal Institution of Chartered Surveyors
_94900
942 _n0
948 _c04/03/1997
999 _c91109
_d91109